|
|
|
|
| LEADER |
00000nab a2200000 ar4500 |
| 001 |
vtls010505056 |
| 003 |
SK-MaSNL |
| 005 |
20260304173434.0 |
| 008 |
130419c2013 xo wr|p|||||||000 b|slo |
| 038 |
|
|
|a PPPK
|
| 040 |
|
|
|a PPPKCL
|b slo
|c PPPKCL
|e AACR2
|
| 041 |
0 |
|
|a slo
|
| 044 |
|
|
|a xo
|c SK
|
| 080 |
|
|
|a 796.92.93
|x (437.6-17)
|2 2001
|
| 245 |
0 |
0 |
|a Počasie znova menilo program VCS
|c [text] (bšl) ; Snímka: Daniel HLINKA
|
| 300 |
|
|
|b Fotogr.
|
| 611 |
2 |
7 |
|a Veľká cena Slovenska v alpskom lyžovaní
|n (58. :
|d 2013 :
|c Štrbské Pleso, Slovensko)
|2 pppkcl
|9 1503556
|
| 648 |
|
7 |
|a 23.-24.2.2013
|2 pppkcl
|9 1097364
|
| 650 |
0 |
7 |
|a lyžovanie
|2 pppkcl
|9 3256
|
| 650 |
0 |
7 |
|a lyžiarske preteky
|2 pppkcl
|9 55635
|
| 651 |
|
7 |
|a Štrbské Pleso (Štrba, Slovensko)
|2 pppkcl
|9 174790
|
| 700 |
1 |
|
|a Hlinka, Daniel,
|d 1964-
|4 pht
|9 219918
|
| 773 |
0 |
|
|t Podtatranské noviny
|g Roč. LIV, č. 9 (2013), s. 8
|x 1210-2423
|
| 852 |
|
|
|a PPPK
|b KIS3GCP
|
| 999 |
|
|
|c 3003313
|d 3005243
|